Definition of some words used in biological science. Part. 1 (Record no. 51286)

MARC details
000 -LEADER
fixed length control field 00323nam a2200121Ia 4500
100 ## - MAIN ENTRY--AUTHOR NAME
Personal name Deka H K
245 #0 - TITLE STATEMENT
Title Definition of some words used in biological science. Part. 1
260 ## - PUBLICATION, DISTRIBUTION, ETC. (IMPRINT)
Name of publisher Rubber Sangbad
Year of publication 2015
300 ## - PHYSICAL DESCRIPTION
Number of Pages 15,18
650 ## - SUBJECT ADDED ENTRY--TOPICAL TERM
Topical Term Biological science
942 ## - ADDED ENTRY ELEMENTS (KOHA)
Koha item type Bibliography STAF
Holdings
Withdrawn status Lost status Damaged status Not for loan Home library Current library Shelving location Date acquired Serial Enumeration / chronology Koha item type
      Bibliography RRII Library RRII Library Rubber general 09/04/2014 Volume Jan, Issue Bibliography STAF